Name That Movie II Quiz Stats

 Plays Quiz Updated Jul 5, 2012

Support Sporcle.
Go Orange.
Score 0/40 Timer 07:00
5 Plays Today
Characters Movie % Correct
Woody, Buzz Lightyear, Mr. Potato HeadToy Story
93.3%
Clarice Starling, Hannibal Lecter, Jack CrawfordThe Silence of the Lambs
85%
Don Vito, Michael, and 'Sonny' CorleoneThe Godfather
83.3%
Capt. John H. Miller, Pvt. Adrian Caparzo, Pvt. James Francis RyanSaving Private Ryan
76.7%
Atticus Finch, 'Boo' Radley, 'Dill' HarrisTo Kill a Mockingbird
74.5%
Danny Zuko, Sandy Olsson, Betty RizzoGrease
66.4%
Scarlett O'Hara, Brent Tarleton, Gerald O'HaraGone with the Wind
66.3%
The Dude, Walter Sobchak, Donny KerabatsosThe Big Lebowski
65.2%
Jenny Curran, Lt. Dan Taylor, 'Bubba' BlueForrest Gump
59.8%
Norman Bates, Marion Crane, Sheriff Al ChambersPsycho
59.1%
Peter La Fleur, White Goodman, Patches O'HoulihanDodgeball: A True Underdog Story
54.4%
Randal Graves, Dante Hicks, Silent BobClerks
50.5%
The Bride (Beatrix Kiddo), O-Ren Ishii, Vernita GreenKill Bill: Vol. 1&2
50.2%
Howard Hughes, Katharine Hepburn, Ava GardnerThe Aviator
47.6%
Dr. Robert Langdon, Sophie Neveu, Sir Leigh TeabingThe Da Vinci Code
45.8%
Peter Venkman, Egon Spengler, Raymond StantzGhostbusters
41%
Gordon Gekko, Bud Fox, Lou MannheimWall Street
40%
Pvt. Pyle, Gny. Sgt. Hartman, Pvt. JokerFull Metal Jacket
39.6%
Jake Taylor, Ricky Vaughn, Willie Mays HayesMajor League
39.6%
Ponyboy Curtis, Dallas Winston, Two-Bit MatthewsThe Outsiders
39.3%
Characters Movie % Correct
Stella Kowalski, Stanley Kowalski, Blanche DuBoisA Streetcar Named Desire
37.5%
Gordon Bombay, Charlie Conway, Greg GoldbergThe Mighty Ducks
37.4%
Jeff Spicoli, Stacy Hamilton, Brad HamiltonFast Times at Ridgemont High
36.6%
'Jimmy' Conway', Henry Hill, Tommy DeVitoGoodfellas
33.9%
'Rabbit' Roto, 'Rod' Farva, 'Thorny' RamathornSupertroopers
32.4%
R.P. McMurphy, Mildred Ratched, TaberOne Flew Over the Cuckoo's Nest
25.8%
Korben Dallas, Leeloo, Ruby RhodThe Fifth Element
24.2%
Raymond Babbitt, Charlie Babbitt, SusannaRain Man
24.1%
Sean Archer, Castor Troy, Pollux TroyFace/Off
23.3%
'Jerry' Lundegaard, Marge Gunderson, Carl ShowalterFargo
22.1%
Andrew Clark, John Bender, Claire StandishThe Breakfast Club
19.3%
Sam Spade, Brigid O'Shaughnessy, Iva ArcherThe Maltese Falcon
18.4%
Gordie Lachance, Chris Chambers, Teddy DuchampStand By Me
15%
Adrian Cronauer, Edward Garlick, Lt. Steven HaukGood Morning, Vietnam
10.2%
William 'Bill' Munny, Little Bill Daggett, Ned LoganUnforgiven
9.3%
J.J. Gittes, Evelyn Mulwray, Noah CrossChinatown
7.6%
Martin Q. Blank, Debi Newberry, Dr. OatmanGrosse Pointe Blank
7.3%
Viktor Navorski, Amelia Warren, Frank DixonThe Terminal
7.2%
Henry Gondorff, Johnny Hooker, Doyle LonneganThe Sting
7.1%
George Reeves, Toni Mannix, Louis SimoHollywoodland
6.7%

You're not logged in!

Compare scores with friends on all Sporcle quizzes.
OR
Log In
Forgot?

From the Vault

Holiday Jumbles

by beforever

Holiday 6m
It does seem impossible to keep those lights from getting all jumbled, doesn't it?
Remove Ads.
Support Sporcle.
Get the best of Sporcle when you Go Orange. This ad-free experience offers more features, more stats, and more fun while also helping to support Sporcle. Thank you for becoming a member.

Show Comments

Extras

Top Quizzes Today


Score Distribution

Your Account Isn't Verified!

In order to create a playlist on Sporcle, you need to verify the email address you used during registration. Go to your Sporcle Settings to finish the process.

Report this User

Report this user for behavior that violates our Community Guidelines.

Details: